| 000 | 06106nam a22002897a 4500 | ||
|---|---|---|---|
| 999 |
_c65309 _d65309 |
||
| 005 | 20240530110818.0 | ||
| 008 | 190704s2019 ua g b 00| 0 ara d | ||
| 017 |
_a8581 _bمصر. دار الكتب |
||
| 020 | _a9789777332248 | ||
| 040 |
_aEG-CaGPL _cEG-CaGPL |
||
| 082 | 0 | 4 |
_221 _a953 / _bو ق |
| 100 | 0 | _aوجدان فريق عناد العارضى | |
| 245 | 1 | 2 |
_aالقرون المضيئة : _bدراسات فى التاريخ والحضارة العربية الاسلامية / _cوجدان فريق عناد العارضى، اشرف صالح محمد سيد |
| 260 |
_aالاسكندرية : _bدار التعليم الجامعى، _c2019. |
||
| 300 |
_a269 ص. ؛ _c24 سم . |
||
| 504 | _aيشتمل على ارجاعات ببليوجرافية | ||
| 650 | 0 | 7 |
_2qrmak _aالعلوم عند العرب |
| 650 | 0 | 7 |
_2qrmak _aالحضارة الاسلامية |
| 650 | 0 | 7 |
_2qrmak _aالثقافة الاسلامية |
| 650 | 0 | 7 |
_2qrmak _aالفن الاسلامى |
| 651 | _2qrmak | ||
| 653 | 0 | _aالطب عند العرب | |
| 653 | 0 | _aالادارة عند العرب | |
| 700 | 0 |
_aاشرف صالح محمد سيد _eمؤلف مشارك |
|
| 942 |
_2ddc _cBK |
||